| 000 | 00437pab a2200157 454500 | ||
|---|---|---|---|
| 008 | 180718b1990 xxu||||| |||| 00| 0 eng d | ||
| 100 | _aSrivastava, Leena | ||
| 245 | _aUncertainties in the Middle East - impact on the Indian economy | ||
| 260 | _c1990 | ||
| 300 | _a629-44 | ||
| 362 | _aOct. | ||
| 650 | _aIndia - Foreign Economic Relations - Asia, West | ||
| 700 | _aMala Damodran | ||
| 773 | _aStrategic Analysis | ||
| 909 | _a10823 | ||
| 999 |
_c10823 _d10823 |
||